Sportwagen erkennen - Statistiken

Allgemein
  • Dieses Quiz wurde 384 mal gespielt
  • Das Durchschnittsergebnis liegt bei 133 aus 144
Antwortstatistiken
Frage Kachel Select % Korrekt
Mercedes AMG GT 63 S Nein
97%
Mercedes AMG GT 63 S Nein
97%
Mercedes AMG GT 63 S Nein
97%
Mercedes AMG GT 63 S Nein
97%
Mercedes AMG GT 63 S Nein
96%
Mercedes AMG GT 63 S Nein
96%
Mercedes AMG GT 63 S Nein
96%
Mercedes AMG GT 63 S Nein
96%
Mercedes AMG GT 63 S Nein
96%
Porsche 911 GT3 RS Nein
96%
Porsche 911 GT3 RS Nein
96%
Porsche 911 GT3 RS Nein
96%
Porsche 911 GT3 RS Nein
96%
Porsche 911 GT3 RS Nein
96%
Porsche 911 GT3 RS Nein
96%
Porsche 911 GT3 RS Nein
96%
Porsche 911 GT3 RS Nein
96%
Porsche 911 GT3 RS Nein
96%
Porsche 911 GT3 RS Nein
96%
Ford Mustang GT Nein
96%
Ford Mustang GT Nein
96%
Ford Mustang GT Nein
96%
Ford Mustang GT Nein
96%
Ford Mustang GT Nein
96%
Ford Mustang GT Nein
96%
Ford Mustang GT Nein
96%
Ford Mustang GT Nein
96%
Ford Mustang GT Nein
96%
Ford Mustang GT Nein
96%
Lamborghini Aventador Nein
96%
Lamborghini Aventador Nein
96%
Lamborghini Aventador Nein
96%
Lamborghini Aventador Nein
96%
Lamborghini Aventador Nein
96%
Lamborghini Aventador Nein
96%
Lamborghini Aventador Nein
96%
Lamborghini Aventador Nein
96%
Lamborghini Aventador Nein
96%
Lamborghini Aventador Nein
96%
Mercedes AMG GT 63 S Nein
95%
Porsche 911 GT3 RS Nein
95%
Lamborghini Aventador Nein
95%
Bugatti Chiron Nein
95%
Bugatti Chiron Nein
95%
Bugatti Chiron Nein
95%
Bugatti Chiron Nein
95%
Bugatti Chiron Nein
95%
Bugatti Chiron Nein
95%
Bugatti Chiron Nein
95%
Mercedes AMG GT 63 S Nein
94%
Porsche 911 GT3 RS Ja
94%
Ford Mustang GT Nein
94%
Lamborghini Aventador Ja
94%
Toyota Supra MK 5 Nein
94%
Toyota Supra MK 5 Nein
94%
Toyota Supra MK 5 Nein
94%
Toyota Supra MK 5 Nein
94%
Toyota Supra MK 5 Nein
94%
Toyota Supra MK 5 Nein
94%
Bugatti Chiron Nein
94%
Bugatti Chiron Nein
94%
Bugatti Chiron Nein
94%
Bugatti Chiron Nein
94%
Ford Mustang GT Ja
93%
Nissan GTR R34 Nein
93%
Nissan GTR R34 Nein
93%
Toyota Supra MK 5 Nein
93%
Toyota Supra MK 5 Nein
93%
Corvette C8 Nein
93%
Corvette C8 Nein
93%
Corvette C8 Nein
93%
Corvette C8 Nein
93%
Corvette C8 Nein
93%
Corvette C8 Nein
93%
Lotus Evora GT430 Nein
93%
Lotus Evora GT430 Nein
93%
Lotus Evora GT430 Nein
93%
Lotus Evora GT430 Nein
93%
Lotus Evora GT430 Nein
93%
Lotus Evora GT430 Nein
93%
Lotus Evora GT430 Nein
93%
Koenigsegg Jesko Absolut Nein
93%
Koenigsegg Jesko Absolut Nein
93%
Koenigsegg Jesko Absolut Nein
93%
BMW i8 Nein
93%
BMW i8 Nein
93%
BMW i8 Nein
93%
BMW i8 Nein
93%
BMW i8 Nein
93%
BMW i8 Nein
93%
Mercedes AMG GT 63 S Ja
92%
Nissan GTR R34 Nein
92%
Nissan GTR R34 Nein
92%
Nissan GTR R34 Nein
92%
Nissan GTR R34 Nein
92%
Nissan GTR R34 Nein
92%
Toyota Supra MK 5 Nein
92%
Corvette C8 Nein
92%
Corvette C8 Nein
92%
Koenigsegg Jesko Absolut Nein
92%
Koenigsegg Jesko Absolut Nein
92%
Koenigsegg Jesko Absolut Nein
92%
Koenigsegg Jesko Absolut Nein
92%
Koenigsegg Jesko Absolut Nein
92%
BMW i8 Nein
92%
BMW i8 Nein
92%
BMW i8 Nein
92%
BMW i8 Nein
92%
Nissan GTR R34 Nein
91%
Bugatti Chiron Ja
91%
Lotus Evora GT430 Nein
91%
Koenigsegg Jesko Absolut Nein
91%
BMW i8 Nein
91%
Audi R8 Nein
91%
Audi R8 Nein
91%
Audi R8 Nein
91%
Audi R8 Nein
91%
Audi R8 Nein
91%
Audi R8 Nein
91%
Audi R8 Nein
91%
Audi R8 Nein
91%
Audi R8 Nein
91%
Nissan GTR R34 Nein
90%
Corvette C8 Nein
90%
Koenigsegg Jesko Absolut Nein
90%
BMW i8 Ja
90%
Audi R8 Nein
90%
Audi R8 Ja
89%
Audi R8 Nein
89%
Toyota Supra MK 5 Nein
86%
Lotus Evora GT430 Nein
86%
Koenigsegg Jesko Absolut Nein
86%
Nissan GTR R34 Nein
85%
Corvette C8 Nein
85%
Corvette C8 Nein
83%
Lotus Evora GT430 Nein
83%
Nissan GTR R34 Nein
81%
Lotus Evora GT430 Nein
79%
Toyota Supra MK 5 Nein
78%
Koenigsegg Jesko Absolut Ja
76%
Corvette C8 Ja
72%
Nissan GTR R34 Ja
70%
Toyota Supra MK 5 Ja
68%
Lotus Evora GT430 Ja
63%
Keine übereinstimmenden Quizze gefunden
Verteilung der Resultate
Anzahl Personen mit jedem Resultat
Perzentil nach korrekt beantworteten Fragen
Ihre Resultats-Entwicklung
Sie haben dieses Quiz noch nicht gespielt